El elogio de la sombra / (Registro nro. 1)
[ vista simple ]
| 000 -LEADER | |
|---|---|
| fixed length control field | 01792nam a22002297a 4500 |
| 003 - CONTROL NUMBER IDENTIFIER | |
| control field | OSt |
| 005 - DATE AND TIME OF LATEST TRANSACTION | |
| control field | 20241220123930.0 |
| 007 - PHYSICAL DESCRIPTION FIXED FIELD--GENERAL INFORMATION | |
| fixed length control field | ta |
| 008 - FIXED-LENGTH DATA ELEMENTS--GENERAL INFORMATION | |
| fixed length control field | 230621b ag ||||| |||| 00| 0 spa d |
| 020 ## - INTERNATIONAL STANDARD BOOK NUMBER | |
| International Standard Book Number | 8478442588 |
| 040 ## - CATALOGING SOURCE | |
| Transcribing agency | besociales |
| 100 1# - MAIN ENTRY--PERSONAL NAME | |
| Personal name | Tanizaki, Junichirō |
| Dates associated with a name | 1886-1965 |
| Relator term | autor |
| 245 03 - TITLE STATEMENT | |
| Title | El elogio de la sombra / |
| Statement of responsibility, etc. | Junichirō Tanizaki ; traducción Julia Escobar |
| 250 ## - EDITION STATEMENT | |
| Edition statement | 19a ed. |
| 260 ## - PUBLICATION, DISTRIBUTION, ETC. | |
| Place of publication, distribution, etc. | Madrid : |
| Name of publisher, distributor, etc. | Siruela, |
| Date of publication, distribution, etc. | 2005 |
| 300 ## - PHYSICAL DESCRIPTION | |
| Extent | 95 p. |
| 490 ## - SERIES STATEMENT | |
| Series statement | Biblioteca de ensayo Siruela ; |
| Volume/sequential designation | 1 |
| 520 ## - SUMMARY, ETC. | |
| Summary, etc. | En Occidente, el más poderoso aliado de la belleza ha sido siempre la luz. En cambio, en la estética tradicional japonesa lo esencial es captar el enigma de la sombra. Lo bello no es una sustancia en sí sino un juego de claroscuros producido por la yuxtaposición de las diferentes sustancias que va formando el juego sutil de las modulaciones de la sombra. Lo mismo que una piedra fosforescente en la oscuridad pierde toda su fascinante sensación de joya preciosa si fuera expuesta a plena luz, la belleza pierde toda su existencia si se suprimen los efectos de la sombra. En este ensayo clásico, escrito en 1933, Junichiro Tanizaki va desarrollando con gran refinamiento esta idea medular del pensamiento oriental, clave para entender el color de las lacas, de la tinta o de los trajes del teatro no; para aprender a apreciar el aspecto antiguo del papel o de los reflejos velados en la pátina de los objetos; para prevenirnos contra todo lo que brilla; para captar la belleza en la llama vacilante de una lámpara y descubrir el alma de la arquitectura a través de los grados de opacidad de los materiales y el silencio y la penumbra del espacio vacío. |
| 650 #4 - SUBJECT ADDED ENTRY--TOPICAL TERM | |
| Topical term or geographic name entry element | Estética |
| Geographic subdivision | Japón |
| 700 ## - ADDED ENTRY--PERSONAL NAME | |
| Personal name | Escobar, Julia, |
| Dates associated with a name | (1946-), |
| Relator term | traductor |
| 942 ## - ADDED ENTRY ELEMENTS (KOHA) | |
| Source of classification or shelving scheme | Universal Decimal Classification |
| Koha item type | Obra General |
| Suppress in OPAC | No |
| Withdrawn status | Lost status | Source of classification or shelving scheme | Damaged status | Not for loan | Collection | Home library | Current library | Date acquired | Total checkouts | Full call number | Barcode | Date last seen | Date last checked out | Price effective from | Koha item type |
|---|---|---|---|---|---|---|---|---|---|---|---|---|---|---|---|
| Universal Decimal Classification | Colección General | Biblioteca Escuela de Ciencias Sociales | Biblioteca Escuela de Ciencias Sociales | 21/06/2023 | 4 | 111.852(520) T164 | 000416 | 21/06/2023 | 21/06/2023 | 21/06/2023 | Obra General |